[Event "Calgary"]
[Site "Calgary CAN"]
[Date "2013.01.22"]
[Round "2"]
[White "Ng, Gary"]
[Black "Rekhson, Vladislav"]
[Result "1/2-1/2"]
[WhiteElo "2227"]
[BlackElo "2182"]
[PlyCount "44"]
[GameId "2160767909382033"]
[EventDate "2013.01.15"]
[EventType "swiss"]
[EventRounds "7"]
[EventCountry "CAN"]
[SourceTitle "EXT 2022"]
[Source "ChessBase"]
[SourceDate "2021.10.06"]
[SourceVersion "1"]
[SourceVersionDate "2021.10.06"]
[SourceQuality "1"]

1. b4 d5 2. Bb2 Qd6 3. a3 e5 4. Nf3 e4 5. Nd4 Nf6 6. c4 dxc4 7. e3 Be7 8. Bxc4 O-O 9. Nc3 c5 10. Ncb5 Qb6 11. bxc5 Bxc5 12. Nb3 a6 13. N5d4 Be7 14. O-O Bg4 15. Qb1 Rc8 16. Rc1 Nbd7 17. a4 Ne5 18. a5 Qd8 19. Bf1 Rxc1 20. Nxc1 b5 21. Ncb3 Nc4 22. Bxc4 bxc4 1/2-1/2

[Event "Calgary"]
[Site "Calgary CAN"]
[Date "2013.01.29"]
[Round "3"]
[White "Gold, Itohan"]
[Black "Karmali, Hafiz"]
[Result "1-0"]
[WhiteElo "2010"]
[BlackElo "1936"]
[PlyCount "69"]
[GameId "2160767909382034"]
[EventDate "2013.01.15"]
[EventType "swiss"]
[EventRounds "7"]
[EventCountry "CAN"]
[SourceTitle "EXT 2022"]
[Source "ChessBase"]
[SourceDate "2021.10.06"]
[SourceVersion "1"]
[SourceVersionDate "2021.10.06"]
[SourceQuality "1"]

1. e4 Nf6 2. e5 Nd5 3. d4 d6 4. Nf3 Bg4 5. Be2 Nc6 6. exd6 Qxd6 7. c4 Nf4 8. c5 Qf6 9. Bxf4 Qxf4 10. O-O O-O-O 11. d5 e6 12. d6 cxd6 13. cxd6 Bxd6 14. g3 Qf6 15. Qb3 Rd7 16. Nbd2 Rhd8 17. Rac1 Rc7 18. Ne4 Qe7 19. Rfd1 Bb4 20. a3 Ba5 21. Qa4 Bb6 22. Rxd8+ Qxd8 23. Nc5 Bxf3 24. Bxf3 Qd6 25. Ne4 Qd4 26. Rc4 Qxb2 27. Nd6+ Kb8 28. Rc2 Qd4 29. Nc4 e5 30. Rd2 Qc5 31. Ne3 Nd4 32. Bg2 Qc3 33. Rd1 Ne2+ 34. Kh1 Bxe3 35. fxe3 1-0

[Event "Calgary"]
[Site "Calgary CAN"]
[Date "2013.02.09"]
[Round "3"]
[White "Rekhson, Vladislav"]
[Black "Daniluk, Jim"]
[Result "0-1"]
[WhiteElo "2145"]
[BlackElo "2081"]
[PlyCount "106"]
[GameId "2160767909382035"]
[EventDate "2013.01.15"]
[EventType "swiss"]
[EventRounds "7"]
[EventCountry "CAN"]
[SourceTitle "EXT 2022"]
[Source "ChessBase"]
[SourceDate "2021.10.06"]
[SourceVersion "1"]
[SourceVersionDate "2021.10.06"]
[SourceQuality "1"]

1. e4 c5 2. Nf3 Nc6 3. c3 Nf6 4. e5 Nd5 5. d4 cxd4 6. Bc4 Nb6 7. Bb3 d5 8. exd6 Qxd6 9. cxd4 Be6 10. O-O Bxb3 11. Qxb3 e6 12. Nc3 Be7 13. Nb5 Qd8 14. Bf4 O-O 15. Rfd1 Nd5 16. Bg3 a6 17. Nc3 Na5 18. Qc2 Rc8 19. Rac1 b5 20. Qe4 Nc4 21. Nxd5 exd5 22. Qc2 Bg5 23. Nxg5 Qxg5 24. h4 Qg4 25. Qb1 Ne3 26. Rxc8 Rxc8 27. Rc1 Rxc1+ 28. Qxc1 Qd1+ 29. Qxd1 Nxd1 30. Kf1 Nxb2 31. Ke2 Kf8 32. Bd6+ Ke8 33. Be5 g6 34. g4 Kd7 35. h5 Ke6 36. Bc7 gxh5 37. gxh5 Kf5 38. Bd8 Kg4 39. h6 Kh5 40. Kf3 Kxh6 41. Kf4 Nc4 42. Kf5 Kg7 43. Bf6+ Kf8 44. Kg5 b4 45. Kh6 a5 46. Kxh7 a4 47. Bg5 b3 48. axb3 axb3 49. Bc1 b2 50. Bxb2 Nxb2 51. Kh6 Ke7 52. Kg5 Ke6 53. f4 f6+ 0-1

[Event "Calgary"]
[Site "Calgary CAN"]
[Date "2013.02.05"]
[Round "4"]
[White "Daniluk, Jim"]
[Black "Karmali, Hafiz"]
[Result "0-1"]
[WhiteElo "2085"]
[BlackElo "1936"]
[PlyCount "71"]
[GameId "2160767909382036"]
[EventDate "2013.01.15"]
[EventType "swiss"]
[EventRounds "7"]
[EventCountry "CAN"]
[SourceTitle "EXT 2022"]
[Source "ChessBase"]
[SourceDate "2021.10.06"]
[SourceVersion "1"]
[SourceVersionDate "2021.10.06"]
[SourceQuality "1"]

1. d4 Nf6 2. c4 e6 3. Nf3 Bb4+ 4. Bd2 Bxd2+ 5. Qxd2 b6 6. e3 Bb7 7. Bd3 d6 8. Nc3 Nbd7 9. O-O O-O 10. Qc2 h6 11. Rfd1 Qe7 12. a4 a5 13. e4 Rac8 14. e5 Nh5 15. Be4 Ba6 16. Ne2 f5 17. exf6 Ndxf6 18. Bg6 Bb7 19. d5 exd5 20. Ned4 Nf4 21. Bf5 Rce8 22. Re1 Ne4 23. g3 c5 24. gxf4 cxd4 25. Nxd4 Qh4 26. Be6+ Rxe6 27. Nxe6 Qg4+ 28. Kf1 Qxe6 29. cxd5 Bxd5 30. Ra3 Rxf4 31. Rc3 Bc4+ 32. Rxc4 Qh3+ 33. Ke2 Rxf2+ 34. Kd1 Rxc2 35. Rxc2 d5 36. Kc1 0-1

[Event "Calgary"]
[Site "Calgary CAN"]
[Date "2013.02.05"]
[Round "4"]
[White "Rekhson, Vladislav"]
[Black "Miller, Brian"]
[Result "1-0"]
[WhiteElo "2145"]
[BlackElo "1832"]
[PlyCount "45"]
[GameId "2160767909382037"]
[EventDate "2013.01.15"]
[EventType "swiss"]
[EventRounds "7"]
[EventCountry "CAN"]
[SourceTitle "EXT 2022"]
[Source "ChessBase"]
[SourceDate "2021.10.06"]
[SourceVersion "1"]
[SourceVersionDate "2021.10.06"]
[SourceQuality "1"]

1. e4 c5 2. Nf3 g6 3. d4 cxd4 4. Qxd4 Nf6 5. Nc3 Nc6 6. Qa4 d6 7. Bf4 Bd7 8. Bc4 Bg7 9. Qa3 O-O 10. Rd1 Qc8 11. O-O Bg4 12. Be2 Re8 13. h3 Bd7 14. Rfe1 a6 15. Bg5 Be6 16. Nd5 Bxd5 17. exd5 Ne5 18. Nxe5 dxe5 19. c4 Qf5 20. Be3 Rac8 21. c5 h5 22. b4 Ne4 23. Bd3 1-0

[Event "Calgary"]
[Site "Calgary CAN"]
[Date "2013.02.12"]
[Round "4"]
[White "Bentley, Bill"]
[Black "Rekhson, Vladislav"]
[Result "0-1"]
[WhiteElo "1817"]
[BlackElo "2145"]
[PlyCount "134"]
[GameId "2160767909382038"]
[EventDate "2013.01.15"]
[EventType "swiss"]
[EventRounds "7"]
[EventCountry "CAN"]
[SourceTitle "EXT 2022"]
[Source "ChessBase"]
[SourceDate "2021.10.06"]
[SourceVersion "1"]
[SourceVersionDate "2021.10.06"]
[SourceQuality "1"]

1. d4 Nf6 2. c4 c5 3. d5 b5 4. Qc2 bxc4 5. e4 d6 6. Bxc4 g6 7. Nf3 Bg7 8. O-O O-O 9. h3 Nbd7 10. Nc3 Nh5 11. Rb1 Ne5 12. Be2 Nxf3+ 13. Bxf3 Nf6 14. Bf4 Nd7 15. Be2 Ne5 16. Bg3 f5 17. f4 Nf7 18. Bd3 fxe4 19. Bxe4 Nh6 20. Ne2 Nf5 21. Bf2 Qa5 22. g4 Nd4 23. Nxd4 cxd4 24. b4 Qd8 25. Qd2 h5 26. Bxd4 hxg4 27. hxg4 Bxg4 28. Bxg6 Bxd4+ 29. Qxd4 Qb6 30. Qxb6 axb6 31. Rb2 Bf5 32. Bxf5 Rxf5 33. Rd2 Ra4 34. Rd4 Rxa2 35. Rc1 Rh5 36. Rc7 Kf7 37. Re4 Rxd5 38. Rexe7+ Kg6 39. Rg7+ Kf5 40. Rg5+ Ke4 41. Re7+ Kd4 42. Rxd5+ Kxd5 43. f5 Rb2 44. f6 Rxb4 45. f7 Rf4 46. Kg2 b5 47. Kg3 Rf1 48. Kg4 b4 49. Kg5 b3 50. Rb7 Kc6 51. Rxb3 Rxf7 52. Kg6 Rf1 53. Kg5 Kc5 54. Rb8 d5 55. Rc8+ Kd4 56. Kg4 Kd3 57. Kg3 d4 58. Kg2 Rf7 59. Re8 Kd2 60. Rc8 d3 61. Re8 Kd1 62. Rd8 d2 63. Re8 Rf5 64. Rc8 Ke2 65. Re8+ Kd3 66. Rd8+ Ke3 67. Re8+ Kd4 0-1

[Event "Calgary Reserves"]
[Site "Calgary CAN"]
[Date "2013.05.18"]
[Round "1"]
[White "Abdelrhman, Hamid"]
[Black "Davis-Imhof, Peter"]
[Result "1-0"]
[WhiteElo "2005"]
[BlackElo "1571"]
[PlyCount "68"]
[GameId "2160767909347778"]
[EventDate "2013.05.18"]
[EventType "swiss"]
[EventRounds "6"]
[EventCountry "CAN"]
[SourceTitle "EXT 2022"]
[Source "ChessBase"]
[SourceDate "2021.10.06"]
[SourceVersion "1"]
[SourceVersionDate "2021.10.06"]
[SourceQuality "1"]

1. Nf3 c5 2. g3 Nc6 3. Bg2 d5 4. O-O Nf6 5. d3 e6 6. Nbd2 Be7 7. e4 O-O 8. Re1 Qc7 9. c3 Rd8 10. e5 Nd7 11. Qe2 Rb8 12. h4 b5 13. Nf1 a5 14. N1h2 Ba6 15. Bf4 b4 16. Bh3 Rb6 17. c4 dxc4 18. dxc4 a4 19. b3 a3 20. Bg5 Bb7 21. Bxe7 Nxe7 22. Rad1 Ba8 23. h5 h6 24. g4 g5 25. hxg6 fxg6 26. Qe3 Kg7 27. Nh4 g5 28. Nf5+ exf5 29. gxf5 Qb7 30. f3 Rf8 31. Rxd7 Qxd7 32. f6+ Kf7 33. Bxd7 Rd8 34. fxe7 Rxd7 1-0

[Event "Calgary Reserves"]
[Site "Calgary CAN"]
[Date "2013.05.18"]
[Round "1"]
[White "Beddoes, Richard"]
[Black "Shi, Diwen"]
[Result "1/2-1/2"]
[WhiteElo "1703"]
[BlackElo "2072"]
[PlyCount "132"]
[GameId "2160767909347779"]
[EventDate "2013.05.18"]
[EventType "swiss"]
[EventRounds "6"]
[EventCountry "CAN"]
[SourceTitle "EXT 2022"]
[Source "ChessBase"]
[SourceDate "2021.10.06"]
[SourceVersion "1"]
[SourceVersionDate "2021.10.06"]
[SourceQuality "1"]

1. e4 c5 2. Nf3 d6 3. d4 cxd4 4. Nxd4 Nf6 5. Nc3 g6 6. Be3 Bg7 7. f3 Nc6 8. Qd2 O-O 9. O-O-O Bd7 10. h4 h5 11. Kb1 Rc8 12. Rg1 Ne5 13. Bh6 Bxh6 14. Qxh6 Rxc3 15. bxc3 Qb6+ 16. Ka1 Rc8 17. Rb1 Qa5 18. Qd2 b6 19. Rb4 Qc5 20. Bb5 a6 21. Bxd7 Nfxd7 22. Qe1 b5 23. g4 hxg4 24. fxg4 Qxc3+ 25. Qxc3 Rxc3 26. h5 Re3 27. Nb3 Re2 28. a4 Nc6 29. Nd4 Nxd4 30. Rxd4 Rxc2 31. axb5 axb5 32. Rb4 Rc5 33. hxg6 fxg6 34. Rgb1 Re5 35. Rxb5 Rxe4 36. R1b4 Re2 37. Rb2 Re3 38. R2b3 Re6 39. Kb2 Nc5 40. Ra3 Re2+ 41. Kc1 Rg2 42. Rb4 Kf7 43. Rf3+ Ke6 44. Rbf4 Kd5 45. Kd1 Ra2 46. Rf7 e5 47. Rg7 Ra1+ 48. Kc2 e4 49. Rg3 Ra2+ 50. Kb1 Rf2 51. Rxg6 Ke5 52. g5 Ne6 53. Rg8 Rf3 54. Rg1 e3 55. Kc1 e2 56. Re1 Nf4 57. Re8+ Kf5 58. R8xe2 Nxe2+ 59. Rxe2 Kxg5 60. Kd2 Kf5 61. Re8 Rg3 62. Kc2 Kf4 63. Kd2 Rb3 64. Ke2 d5 65. Kd2 Kf3 66. Rh8 Rb4 1/2-1/2

[Event "Calgary Reserves"]
[Site "Calgary CAN"]
[Date "2013.05.18"]
[Round "1"]
[White "Booker, Brad"]
[Black "Willie, Joshua"]
[Result "1-0"]
[WhiteElo "2214"]
[BlackElo "1716"]
[PlyCount "69"]
[GameId "2160767909347780"]
[EventDate "2013.05.18"]
[EventType "swiss"]
[EventRounds "6"]
[EventCountry "CAN"]
[SourceTitle "EXT 2022"]
[Source "ChessBase"]
[SourceDate "2021.10.06"]
[SourceVersion "1"]
[SourceVersionDate "2021.10.06"]
[SourceQuality "1"]

1. e4 e6 2. d3 d5 3. Nd2 c5 4. Ngf3 Nc6 5. g3 Nf6 6. Bg2 Be7 7. O-O O-O 8. Re1 Rb8 9. e5 Nd7 10. c3 b5 11. Nf1 a5 12. h4 Qc7 13. N1h2 Ndxe5 14. Nxe5 Nxe5 15. Rxe5 b4 16. d4 Qc6 17. Bxd5 Qb6 18. Be4 g6 19. Bg2 Rd8 20. Ng4 cxd4 21. cxd4 Rxd4 22. Qf3 Bb7 23. Nh6+ Kh8 24. Qxf7 Rd1+ 25. Kh2 Rf8 26. Be3 Rxf7 27. Nxf7+ Kg7 28. Rxd1 Qc7 29. Ng5 Bc8 30. Nxe6+ Bxe6 31. Rxe6 Kf7 32. Rc6 Qe5 33. Rd7 Ke8 34. Bh3 Bxh4 35. Rc8+ 1-0

[Event "Calgary Reserves"]
[Site "Calgary CAN"]
[Date "2013.05.18"]
[Round "1"]
[White "Gold, Itohan"]
[Black "Milne, Arthur"]
[Result "1-0"]
[WhiteElo "2061"]
[BlackElo "1648"]
[PlyCount "62"]
[GameId "2160767909347781"]
[EventDate "2013.05.18"]
[EventType "swiss"]
[EventRounds "6"]
[EventCountry "CAN"]
[SourceTitle "EXT 2022"]
[Source "ChessBase"]
[SourceDate "2021.10.06"]
[SourceVersion "1"]
[SourceVersionDate "2021.10.06"]
[SourceQuality "1"]

1. e4 d5 2. exd5 Nf6 3. c4 c6 4. dxc6 Nxc6 5. d3 e5 6. Nc3 Bb4 7. a3 Bxc3+ 8. bxc3 Qa5 9. Bd2 O-O 10. Be2 Re8 11. Qb3 Nd7 12. Qb5 Qd8 13. h4 Qe7 14. h5 a6 15. Qb1 Nc5 16. h6 g6 17. Be3 f5 18. Qb6 Nd7 19. Qc7 f4 20. Bd2 e4 21. d4 f3 22. Bf1 Rf8 23. g3 Nf6 24. Qxe7 Nxe7 25. Bg5 Nf5 26. Bh3 Bd7 27. g4 e3 28. Bxf6 Ng3 29. fxg3 Rxf6 30. g5 Bxh3 31. gxf6 Bg2 1-0

[Event "Calgary Reserves"]
[Site "Calgary CAN"]
[Date "2013.05.18"]
[Round "2"]
[White "Bentley, Bill"]
[Black "Abdelrhman, Hamid"]
[Result "0-1"]
[WhiteElo "1808"]
[BlackElo "2005"]
[PlyCount "92"]
[GameId "2160767909347782"]
[EventDate "2013.05.18"]
[EventType "swiss"]
[EventRounds "6"]
[EventCountry "CAN"]
[SourceTitle "EXT 2022"]
[Source "ChessBase"]
[SourceDate "2021.10.06"]
[SourceVersion "1"]
[SourceVersionDate "2021.10.06"]
[SourceQuality "1"]

1. d4 g6 2. c4 Bg7 3. e4 d6 4. Nc3 Nf6 5. h3 O-O 6. Bg5 Na6 7. a3 c5 8. d5 Bd7 9. Bd3 Nc7 10. Nf3 Qb8 11. a4 Na6 12. O-O Nb4 13. Bb1 e6 14. Qd2 e5 15. Ne1 Nh5 16. Nd3 a5 17. Nb5 Bxb5 18. axb5 f5 19. Nxb4 cxb4 20. exf5 gxf5 21. Bh6 Qd8 22. Bxg7 Kxg7 23. g3 Qf6 24. Bd3 f4 25. Qe2 f3 26. Qe4 Qh6 27. Kh2 Kh8 28. Qe3 Qg7 29. Be4 Qf6 30. Qb6 Nf4 31. Qxb7 Qh6 32. Qxh7+ Qxh7 33. Bxh7 Kxh7 34. gxf4 Rxf4 35. b3 Rd4 36. b6 Rb8 37. Rxa5 Rxb6 38. Ra7+ Kh8 39. Kg3 Rd3 40. Rb1 Rb8 41. Rb2 Rg8+ 42. Kh4 Rd4+ 43. Kh5 Rg7 44. Ra8+ Kh7 45. Rb8 Rf4 46. Ra2 Rf6 0-1

[Event "Calgary Reserves"]
[Site "Calgary CAN"]
[Date "2013.05.18"]
[Round "2"]
[White "Khodjimatov, Sherzod"]
[Black "Beddoes, Richard"]
[Result "1-0"]
[WhiteElo "2100"]
[BlackElo "1703"]
[PlyCount "85"]
[GameId "2160767909347783"]
[EventDate "2013.05.18"]
[EventType "swiss"]
[EventRounds "6"]
[EventCountry "CAN"]
[SourceTitle "EXT 2022"]
[Source "ChessBase"]
[SourceDate "2021.10.06"]
[SourceVersion "1"]
[SourceVersionDate "2021.10.06"]
[SourceQuality "1"]

1. e4 c6 2. Nc3 d5 3. Nf3 Bg4 4. h3 Bxf3 5. Qxf3 d4 6. Ne2 c5 7. Ng3 Nc6 8. Bc4 e6 9. Qb3 Qc7 10. O-O a6 11. a4 Bd6 12. d3 Nf6 13. f4 e5 14. f5 Rb8 15. Bg5 Na5 16. Qa2 Nxc4 17. Bxf6 Ne3 18. Bxg7 Rg8 19. Nh5 Be7 20. Rf2 Bh4 21. g3 Bxg3 22. Nf6+ Ke7 23. Nxg8+ Rxg8 24. f6+ Ke8 25. Rf3 Bf4 26. a5 Bh6 27. Qa4+ Kd8 28. Kh1 Bxg7 29. Rg1 Qd6 30. fxg7 Qh6 31. Qb3 Rxg7 32. Qb6+ Qxb6 33. axb6 Rxg1+ 34. Kxg1 Ke7 35. c4 Nd1 36. b3 Nc3 37. Kf1 Na2 38. Rf2 Nc1 39. Rd2 Nxb3 40. Ra2 Ke6 41. Ke1 f5 42. Ra3 Nc1 43. Kd2 1-0

[Event "Calgary Reserves"]
[Site "Calgary CAN"]
[Date "2013.05.18"]
[Round "2"]
[White "Lee, Nicholas"]
[Black "Gold, Itohan"]
[Result "0-1"]
[WhiteElo "1750"]
[BlackElo "2061"]
[PlyCount "68"]
[GameId "2160767909347784"]
[EventDate "2013.05.18"]
[EventType "swiss"]
[EventRounds "6"]
[EventCountry "CAN"]
[SourceTitle "EXT 2022"]
[Source "ChessBase"]
[SourceDate "2021.10.06"]
[SourceVersion "1"]
[SourceVersionDate "2021.10.06"]
[SourceQuality "1"]

1. c4 Nf6 2. Nf3 g6 3. g3 Bg7 4. Bg2 O-O 5. O-O d6 6. Nc3 e5 7. d3 h6 8. Nd2 Nc6 9. Nd5 Nxd5 10. cxd5 Ne7 11. Nc4 c6 12. dxc6 bxc6 13. e4 d5 14. exd5 cxd5 15. Re1 e4 16. Ne3 f5 17. Qb3 Be6 18. dxe4 fxe4 19. a3 Qd7 20. Rd1 Rab8 21. Qc2 Rfc8 22. Qe2 Qb5 23. Qxb5 Rxb5 24. Rb1 d4 25. Nf1 Bf5 26. a4 Rb4 27. b3 Nd5 28. Ba3 Rbb8 29. Bb2 Nc3 30. Bxc3 dxc3 31. Rbc1 Rxb3 32. Ne3 h5 33. Nxf5 gxf5 34. f4 c2 0-1

[Event "Calgary Reserves"]
[Site "Calgary CAN"]
[Date "2013.05.18"]
[Round "2"]
[White "Shi, Diwen"]
[Black "Kadavil, Suresh"]
[Result "1-0"]
[WhiteElo "2072"]
[BlackElo "1511"]
[PlyCount "81"]
[GameId "2160767909347785"]
[EventDate "2013.05.18"]
[EventType "swiss"]
[EventRounds "6"]
[EventCountry "CAN"]
[SourceTitle "EXT 2022"]
[Source "ChessBase"]
[SourceDate "2021.10.06"]
[SourceVersion "1"]
[SourceVersionDate "2021.10.06"]
[SourceQuality "1"]

1. e4 Nc6 2. Nf3 f5 3. e5 d6 4. exd6 cxd6 5. d4 e6 6. Bf4 Nf6 7. Bd3 h6 8. h3 g5 9. Bh2 Bg7 10. c3 O-O 11. O-O f4 12. Qe2 Re8 13. Nbd2 e5 14. dxe5 dxe5 15. Ne4 Bf5 16. Rad1 Qe7 17. Nfd2 Rad8 18. Nxf6+ Qxf6 19. Ne4 Qg6 20. f3 a6 21. Kh1 h5 22. Bg1 g4 23. Bc5 Rxd3 24. Rxd3 Re6 25. Rg1 g3 26. Rgd1 Ne7 27. Rd8+ Kh7 28. R1d6 Ng8 29. Rxe6 Bxe6 30. Qd3 Bf5 31. Rd6 Nf6 32. Nxf6+ Bxf6 33. Qd5 Bxh3 34. Qxb7+ Kh6 35. Qe4 Bf5 36. Qc6 Kg5 37. Qb7 h4 38. Rxf6 Qh5 39. Qg7+ Bg6 40. Be7 h3 41. Rxg6+ 1-0

[Event "Calgary Reserves"]
[Site "Calgary CAN"]
[Date "2013.05.19"]
[Round "4"]
[White "Abdelrhman, Hamid"]
[Black "Lee, Nicholas"]
[Result "1/2-1/2"]
[WhiteElo "2005"]
[BlackElo "1750"]
[PlyCount "94"]
[GameId "2160767909347786"]
[EventDate "2013.05.18"]
[EventType "swiss"]
[EventRounds "6"]
[EventCountry "CAN"]
[SourceTitle "EXT 2022"]
[Source "ChessBase"]
[SourceDate "2021.10.06"]
[SourceVersion "1"]
[SourceVersionDate "2021.10.06"]
[SourceQuality "1"]

1. c4 c5 2. g3 e6 3. Bg2 Nf6 4. Nc3 Nc6 5. d3 d5 6. cxd5 exd5 7. Bg5 d4 8. Nd5 Qa5+ 9. Bd2 Qd8 10. Nxf6+ Qxf6 11. Nf3 Bd6 12. O-O O-O 13. Rc1 Bg4 14. Qb3 Qe7 15. Rfe1 Be6 16. Qc2 b5 17. e3 dxe3 18. Rxe3 Nd4 19. Nxd4 cxd4 20. Rxe6 Qxe6 21. Bxa8 Rxa8 22. Qc6 Rd8 23. Re1 Qc8 24. Qxb5 Qb8 25. Qa4 Qxb2 26. Bf4 Qb4 27. Re8+ Rxe8 28. Qxe8+ Bf8 29. g4 Qb1+ 30. Kg2 Qxa2 31. h4 Qe6 32. Qxe6 fxe6 33. Be5 Bc5 34. Kf3 a5 35. Ke4 a4 36. Bxd4 Bxd4 37. Kxd4 Kf7 38. Kc4 g5 39. hxg5 e5 40. d4 a3 41. Kb3 exd4 42. Kxa3 Ke6 43. f4 Kd5 44. f5 Ke4 45. f6 d3 46. f7 d2 47. f8=Q d1=Q 1/2-1/2

[Event "Calgary Reserves"]
[Site "Calgary CAN"]
[Date "2013.05.19"]
[Round "4"]
[White "Khodjimatov, Sherzod"]
[Black "Gold, Itohan"]
[Result "0-1"]
[WhiteElo "2090"]
[BlackElo "2061"]
[PlyCount "72"]
[GameId "2160767909347787"]
[EventDate "2013.05.18"]
[EventType "swiss"]
[EventRounds "6"]
[EventCountry "CAN"]
[SourceTitle "EXT 2022"]
[Source "ChessBase"]
[SourceDate "2021.10.06"]
[SourceVersion "1"]
[SourceVersionDate "2021.10.06"]
[SourceQuality "1"]

1. e4 c5 2. Nc3 d6 3. g3 Nf6 4. Bg2 Nc6 5. d3 e6 6. Nge2 Be7 7. O-O a6 8. h3 Qc7 9. d4 cxd4 10. Nxd4 Bd7 11. a4 Rc8 12. Nb3 Nb4 13. Be3 Bc6 14. f4 d5 15. e5 Ne4 16. Kh2 O-O 17. a5 f6 18. Bb6 Qb8 19. Nxe4 dxe4 20. exf6 Bxf6 21. Bc5 Rfd8 22. Qe2 Nd5 23. c3 e5 24. c4 Nxf4 25. Qg4 Bd7 26. Rxf4 Bxg4 27. Rxg4 Rd3 28. Ra3 e3 29. Bb4 Rcd8 30. Be4 Rd2+ 31. Kg1 Rxb2 32. Bd5+ Kh8 33. Re4 Qc8 34. Rxe3 Qxh3 35. Bd2 e4 36. Bxe4 Rbxd2 0-1

[Event "Calgary Reserves"]
[Site "Calgary CAN"]
[Date "2013.05.19"]
[Round "4"]
[White "Pramanik, Projjwal"]
[Black "Booker, Brad"]
[Result "1-0"]
[WhiteElo "1942"]
[BlackElo "2214"]
[PlyCount "88"]
[GameId "2160767909347788"]
[EventDate "2013.05.18"]
[EventType "swiss"]
[EventRounds "6"]
[EventCountry "CAN"]
[SourceTitle "EXT 2022"]
[Source "ChessBase"]
[SourceDate "2021.10.06"]
[SourceVersion "1"]
[SourceVersionDate "2021.10.06"]
[SourceQuality "1"]

1. Nf3 Nf6 2. g3 g6 3. Bg2 Bg7 4. d3 c5 5. O-O Nc6 6. e4 d6 7. Nbd2 Rb8 8. Re1 e5 9. c3 O-O 10. Nf1 Ne8 11. Be3 Qe7 12. Qd2 f6 13. Bh6 Be6 14. Bxg7 Nxg7 15. d4 Bg4 16. d5 Nd8 17. Ne3 Bd7 18. a4 f5 19. exf5 gxf5 20. Nc4 Nf7 21. b4 Rbc8 22. b5 Qf6 23. Nh4 Kh8 24. f4 e4 25. Bh3 Nh5 26. Ne3 Nh6 27. Nhg2 Rg8 28. Nf1 Rg7 29. Rac1 Rcg8 30. c4 Qd4+ 31. Kh1 Nxg3+ 32. hxg3 Rxg3 33. Qxd4+ cxd4 34. Nxg3 Rxg3 35. Kh2 Ra3 36. c5 dxc5 37. Rxc5 Rxa4 38. Rc7 Bxb5 39. Rxb7 Ra5 40. Rc1 Ba6 41. Rxa7 d3 42. Rcc7 d2 43. Ra8+ Ng8 44. Bxf5 h5 1-0

[Event "Calgary Reserves"]
[Site "Calgary CAN"]
[Date "2013.05.20"]
[Round "5"]
[White "Kadavil, Suresh"]
[Black "Bentley, Bill"]
[Result "0-1"]
[WhiteElo "1397"]
[BlackElo "1808"]
[PlyCount "54"]
[GameId "2160767909347789"]
[EventDate "2013.05.18"]
[EventType "swiss"]
[EventRounds "6"]
[EventCountry "CAN"]
[SourceTitle "EXT 2022"]
[Source "ChessBase"]
[SourceDate "2021.10.06"]
[SourceVersion "1"]
[SourceVersionDate "2021.10.06"]
[SourceQuality "1"]

1. e4 e6 2. Nf3 d5 3. e5 c5 4. d4 Qb6 5. Bd3 cxd4 6. Nxd4 Nc6 7. Nf3 Nge7 8. O-O Ng6 9. Qe2 Bd7 10. c3 Be7 11. Nbd2 Nf4 12. Qd1 Nxd3 13. Qc2 Ncxe5 14. Nd4 Rc8 15. f4 Nxc1 16. fxe5 Ne2+ 17. Kh1 Nxd4 18. Qd3 Nf5 19. Rad1 Ne3 20. c4 Nxf1 21. Nxf1 Rxc4 22. Nd2 Rc7 23. Nf3 Qxb2 24. h4 Rc1 25. Rf1 Bb5 26. Qxb5+ Qxb5 27. Rxc1 O-O 0-1

[Event "Calgary Reserves"]
[Site "Calgary CAN"]
[Date "2013.05.20"]
[Round "5"]
[White "Lee, Nicholas"]
[Black "Khodjimatov, Sherzod"]
[Result "0-1"]
[WhiteElo "1750"]
[BlackElo "2090"]
[PlyCount "48"]
[GameId "2160767909347790"]
[EventDate "2013.05.18"]
[EventType "swiss"]
[EventRounds "6"]
[EventCountry "CAN"]
[SourceTitle "EXT 2022"]
[Source "ChessBase"]
[SourceDate "2021.10.06"]
[SourceVersion "1"]
[SourceVersionDate "2021.10.06"]
[SourceQuality "1"]

1. e4 e5 2. Nf3 Nc6 3. d4 exd4 4. Nxd4 Nf6 5. Nxc6 bxc6 6. e5 Qe7 7. Qe2 Nd5 8. c4 Nb6 9. b3 Bb7 10. Bb2 O-O-O 11. Nd2 g6 12. g3 c5 13. e6 Rg8 14. exf7 Qxf7 15. Ne4 Bxe4 16. Qxe4 Re8 17. Be5 Rxe5 18. Qxe5 Bg7 19. Qxc5 Bc3+ 20. Ke2 Re8+ 21. Kd3 Qf3+ 22. Kc2 Bxa1 23. Bg2 Re2+ 24. Kb1 Qd3+ 0-1

[Event "Calgary int."]
[Site "Calgary CAN"]
[Date "2013.05.14"]
[Round "1"]
[White "Cao, Jason"]
[Black "Yam, Alex"]
[Result "1/2-1/2"]
[WhiteElo "2026"]
[BlackElo "2283"]
[PlyCount "163"]
[GameId "2160767909356098"]
[EventDate "2013.05.14"]
[EventType "swiss"]
[EventRounds "9"]
[EventCountry "CAN"]
[SourceTitle "The Week in Chess 967"]
[Source "Mark Crowther"]
[SourceDate "2013.05.20"]
[SourceVersion "1"]
[SourceVersionDate "2013.05.20"]
[SourceQuality "2"]

1. e4 c5 2. Nf3 e6 3. d4 cxd4 4. Nxd4 a6 5. Bd3 Nf6 6. O-O Qc7 7. Qe2 d6 8. c4 Be7 9. Nc3 O-O 10. Kh1 Nc6 11. Nxc6 bxc6 12. f4 e5 13. fxe5 dxe5 14. Be3 Rb8 15. h3 Nd7 16. b3 Bc5 17. Na4 Bd4 18. Rac1 c5 19. Nc3 Bxc3 20. Rxc3 Rb6 21. Bc2 Re8 22. Bg1 Nf8 23. Rcf3 Re7 24. Rg3 Ne6 25. Be3 Nd4 26. Qf2 Rd6 27. Bd1 Bb7 28. Bg5 f6 29. Bxf6 Rf7 30. Rxg7+ Rxg7 31. Bxe5 Qe7 32. Bxg7 Qxg7 33. Qf4 Rd8 34. Qh4 Ne6 35. Bg4 Ng5 36. Rf5 h6 37. Rxc5 Bxe4 38. Qg3 Rd2 39. Rc8+ Kh7 40. Rc7 Nf7 41. Qe1 Bxg2+ 42. Kh2 Be4+ 43. Qxd2 Qe5+ 44. Kg1 Qxc7 45. Qf2 Kg7 46. Bf3 Bg6 47. Bd5 Ng5 48. Qd4+ Kh7 49. Qe3 Qg7 50. h4 Ne4 51. Bxe4 Bxe4+ 52. Kf2 Qf6+ 53. Ke2 Qb2+ 54. Qd2 Qxd2+ 55. Kxd2 Kg6 56. b4 Bc6 57. Kc3 Kh5 58. Kd4 Kxh4 59. Kc5 Bf3 60. b5 axb5 61. cxb5 Kg5 62. a4 Kf6 63. a5 Ke7 64. Kd4 Be2 65. b6 Ba6 66. Ke5 Bc8 67. Kd5 Bb7+ 68. Ke5 Bc8 69. Kd5 Kd7 70. Ke5 Kc6 71. Kf6 Bg4 72. Kg6 h5 73. Kg5 Kb7 74. Kh4 Be2 75. Kg5 Bf3 76. Kh4 Ka6 77. Kg5 Be2 78. Kh4 Kb7 79. Kg5 Kc8 80. Kh4 Kd8 81. Kg5 Bf3 82. Kh4 1/2-1/2